La Pucelle d’Orléans

Bibliographische Detailangaben
1. Verfasser: Voltaire
Zusammenfassung:Книга находится в премиум-версии платформы «Русский как иностранный».
Poète, romancier, dramaturge et historien, Voltaire est un des plus grands philosophes français du siècle des Lumières. L’un de ses plus grands succès, le poème satyrique «La Pucelle d’Orléans» recrée des événements de la guerre de Cent ans et la personnalité de Jeanne d’Arc. Voltaire met à mal la légende dorée et cagote de la Pucelle d’Orléans, l’élue du Ciel, en créant une satire virulente de l’Eglise, de la religion et du clergé.
Veröffentlicht: Москва, T8RUGRAM, 2018
Schlagworte:
Online-Zugang:Перейти к просмотру издания
Format: MixedMaterials Elektronisch

MARC

LEADER 00000 a2200000 4500
001 RU/ROS-EDU.RU/83546
856 4 |u https://www.ros-edu.ru/book?id=83546  |z Перейти к просмотру издания 
010 |a 978-5-521-06043-6 
100 |a 20180101d2018 |||y0rusy0250  
105 |a y z 000zy 
101 0 |a rus 
102 |a RU 
200 1 |a La Pucelle d’Orléans  |b Электронный ресурс  |f Voltaire 
700 1 |a Voltaire  |4 070 
330 |a Poète, romancier, dramaturge et historien, Voltaire est un des plus grands philosophes français du siècle des Lumières. L’un de ses plus grands succès, le poème satyrique «La Pucelle d’Orléans» recrée des événements de la guerre de Cent ans et la personnalité de Jeanne d’Arc. Voltaire met à mal la légende dorée et cagote de la Pucelle d’Orléans, l’élue du Ciel, en créant une satire virulente de l’Eglise, de la religion et du clergé. 
210 |a Москва  |c T8RUGRAM  |d 2018 
610 1 |a художественная литература 
610 1 |a французский язык 
610 1 |a зарубежная поэзия 
610 1 |a классика 
610 1 |a поэма 
675 |a 82 
686 |a 84  |2 rubbk 
300 |a Книга находится в премиум-версии платформы «Русский как иностранный». 
215 |a 324 с.